Star Wars Planets - Statistics

General Stats
  • This quiz has been taken 20 times
    15 since last reset
  • The average score is 11 of 30
Answer Stats
Hint Planet % Correct
Desert planet with twin suns Tatooine
100%
Ice planet attacked by an Imperial landing force Hoth
75%
Victim of the Death Star Alderaan
67%
Capital of the Galactic Reoublic Coruscant
67%
Where the 2nd death star's shield generator was located Endor (forest moon)
67%
Peaceful planet with a beautiful lake disctrict Naboo
67%
Planet strong with the dark side, Mustafar
58%
Located beyond the outer rim, home to cloners Kamino
50%
A gas giant home to mining colonies Bespin
42%
A planet with a strong connection to the light side Dagobah
42%
Planet with fluorescent plant life, Aayla Secura was killed here Felucia
42%
The Death Star was destroyed in this planet's system Yavin-4
42%
Home of all the best pilots in the galaxy Corellia
33%
The hellish home of the Nightsisters Dathomir
33%
A barren planet of red sand Geonosis
33%
Ice planet where Padawans find their kyber crystals Ilum
33%
Heavily forested planet liberated under Han Solo Kashyyk
33%
Spice mining planet run by the Pikes Kessell
33%
Tropical beach planet home to a large Imperial installation Scarif
25%
Capital of the New Republic Hosnian Prime
17%
Desert planet with a large former Jedi temple Jedha
17%
Muddy swamp planet where Han Solo and Cassian Andor served Mimban
17%
Home of Count Dooku Serenno
17%
Shipbreaking yard where Cal Kestis hid Bracca
8%
Rocky planet where the Death Star was designed Eadu
8%
Planet with deep chasms that saw the end of General Grievous Utapu
8%
Imperial high-security prison planet Wobani
8%
Planet that Eno Cordova took a great interest in Zeffo
8%
Planet that held a holocron with the location of all force-sensitives Bogano
0%
Home to the only Coaxium refinery outside Imperial jurisdiction Samareen
0%
No matching quizzes found
Score Distribution
Percent of People with Each Score
Percentile by Number Answered
Your Score History
You have not taken this quiz since the last reset